| 000 | 00626nam a2200229 a 4500 | ||
|---|---|---|---|
| 001 | 000046653 | ||
| 003 | DO-SdBNP | ||
| 005 | 20220617110227.0 | ||
| 007 | ta | ||
| 008 | 180315s200- dr 000 0 spa d | ||
| 020 | _a9789945906851 | ||
| 040 |
_aDO-SdBNP _bspa _cBNPHU |
||
| 082 |
_axxxx _bR426L |
||
| 110 | 1 |
_aRepública Dominicana _9447 |
|
| 240 | 1 | 0 | _a[Leyes, etc.] |
| 245 | 1 | 0 | _aLey 108-05 del registro inmobiliario. |
| 260 |
_aSanto Domingo : _bDalis, _c[s.f.]. |
||
| 300 |
_a60 p. ; _c22 cm. |
||
| 500 | _a(Del 23-4-05 G. O. 10316 mod. por la ley 51-07) | ||
| 590 | _aInventariado, 2018/BT | ||
| 942 |
_2ddc _cLBS1 |
||
| 999 |
_c46142 _d46142 |
||